| 000 | 00878cam a2200253 4500 | ||
|---|---|---|---|
| 001 | ABS64809 | ||
| 008 | 011204n2001 000 0 eng u | ||
| 035 | _a(Sirsi) u115837 | ||
| 100 | _aCatalano, A. | ||
| 245 | _aLimit to LPs' attractions | ||
| 260 | _c2001 | ||
| 490 |
_aEstates Gazette _v(0144) 3 November 2001, 61(1) |
||
| 520 | _aLimited partnerships are very popular investment vehicles and account for about 12% of the UK's direct institutional property market. However a new survey by the University of Reading shows investors are divided on the future of limited partnerships. Graphs. | ||
| 590 | _aABS | ||
| 650 | _aLIMITED PARTNERSHIPS | ||
| 650 | _aINVESTMENT VEHICLES | ||
| 650 | _aINVESTORS | ||
| 650 | _aCAPITAL | ||
| 650 | _aVALUERS | ||
| 650 | _aPROPERTY UNIT TRUSTS | ||
| 650 | _aUNIVERSITY OF READING | ||
| 690 | _aINVESTMENT | ||
| 942 | _n0 | ||
| 999 |
_c69003 _d69003 |
||